| 000 | 00629nam a22001937a 4500 | ||
|---|---|---|---|
| 999 |
_c169780 _d169780 |
||
| 005 | 20191216113344.0 | ||
| 010 | _aA-941657 | ||
| 020 | _c400.00 | ||
| 035 | _aA-941657 | ||
| 037 | _bBPPD/Pub. | ||
| 082 | _a808 | ||
| 100 | _aوھاب اشرفی | ||
| 245 |
_aتاریخے ادبیات عالم / _cوھاب اشرفی |
||
| 246 |
_aTareekh-E-Adabyat Alam vol. III (Urdu) / _bby Prof. Wahab Ashrafi |
||
| 260 |
_aDelhi _bEducational Publishing House _c1998 |
||
| 270 |
_a3108, Gali Azizuddin Vakil, Kucha Pandit, Lal Kuan _bDelhi _e110006 |
||
| 300 |
_a384 ص _c21cm(Hb) |
||
| 942 |
_2ddc _cUR _h808 _mو ھ ا |
||